Řecká Abeceda - Statistics

General Stats
  • This quiz has been taken 334 times
  • The average score is 15 of 24
Answer Stats
Hint Answer % Correct
Α α alfa
100%
Β β beta
100%
Γ γ gama
98%
Δ δ delta
95%
Ω ω omega
90%
Π π
81%
Ε ε epsilon
73%
Φ φ
68%
Ρ ρ
67%
Ζ ζ zéta
61%
Η η éta
59%
Λ λ lambda
58%
Μ μ
58%
Ψ ψ psí
55%
Σ σ sigma
52%
Ο ο omikron
47%
Κ κ kappa
46%
Τ τ tau
43%
Θ θ théta
43%
Ν ν
42%
Ι ι ióta
41%
Ξ ξ ksí
37%
Χ χ chí
32%
Υ υ ypsilon
32%
No matching quizzes found
Score Distribution
Percent of People with Each Score
Percentile by Number Answered
Your Score History
You have not taken this quiz